书目信息 |
| 题名: |
现代常用演讲辞精品点评
|
|
| 作者: | 钟友循 编著 | |
| 分册: | ||
| 出版信息: | 长沙 湖南出版社 1998.08 |
|
| 页数: | 369页 | |
| 开本: | 32开 | |
| 丛书名: | 中外演讲文化系列丛书 | |
| 单 册: | ||
| 中图分类: | I106.6 | |
| 科图分类: | ||
| 主题词: | 散文--文学研究--世界 , 杂著--文学研究--世界 | |
| 电子资源: | ||
| ISBN: | 7-5438-1761-6 | |
| 000 | 00701nam0 2200229 45 | |
| 001 | 0003211409 | |
| 005 | 20050329153451.1 | |
| 010 | @a7-5438-1761-6@dCNY14.00 | |
| 100 | @a20000321d1998 km y0chiy0120 ea | |
| 101 | 0 | @achi |
| 105 | @a z 000yy | |
| 200 | 1 | @a现代常用演讲辞精品点评@AXian Dai Chang Yong Yan Jiang Ci Jing Pin DianPing@f钟友循编著@FZhong You Xun Bian Zhu |
| 210 | @a长沙@c湖南出版社@d1998.08 | |
| 215 | @a369页@d32开 | |
| 225 | @a中外演讲文化系列丛书 | |
| 410 | @12001 @a中外演讲文化系列丛书 | |
| 606 | 0 | @a散文@x文学研究@y世界 |
| 606 | 0 | @a杂著@x文学研究@y世界 |
| 690 | @aI106.6@v1 | |
| 701 | 0 | @a钟友循@4编著 |
| 801 | @aCN@bTSTC@c20000321 | |
| 905 | @b286243@dI106.6@e82@f1 | |
| 现代常用演讲辞精品点评/钟友循编著.-长沙:湖南出版社,1998.08 |
| 369页;32开.-(中外演讲文化系列丛书) |
| ISBN 7-5438-1761-6:CNY14.00 |
| ● |
| 相关链接 |
|
|
|
|
正题名:现代常用演讲辞精品点评
索取号:I106.6/82
 
预约/预借
| 序号 | 登录号 | 条形码 | 馆藏地/架位号 | 状态 | 备注 |
| 1 | 0286242 | 002862423 | 第二借阅区/ [索取号:I106.6/82] | 在馆 | |
| 2 | 0286243 | 002862432 | 第二借阅区/ [索取号:I106.6/82] | 在馆 | |
| 3 | 0286244 | 002862441 | 第二借阅区/ [索取号:I106.6/82] | 在馆 | |
| 4 | 0286245 | 002862450 | 第二借阅区/ [索取号:I106.6/82] | 在馆 | |
| 5 | 0286246 | 002862469 | 第一样本阅览室/ [索取号:I106.6/82] | 在馆 |